| 000 | 01524nam a2200289Ia 4500 | ||
|---|---|---|---|
| 999 |
_c54319 _d54319 |
||
| 001 | 21375 | ||
| 003 | GE_BSU | ||
| 005 | 20210922221020.0 | ||
| 008 | 181216s2017||||ge |||||||||||||| ||geo|| | ||
| 020 | _a9789941253225 | ||
| 040 | _cGE_BSU | ||
| 041 | _ageo | ||
| 080 | _a347(479.22)(094.4) ს-32 | ||
| 245 |
_aსამოქალაქო კოდექსის კომენტარი წ.1 მუხ. 1-146 : _bსამოქალაქო კოდექსის ზოგადი დებულებები / _cი. ბურდული, ა. გაწერელია, თ. დარჯანია და სხვ. ; რედ. ლადო ჭანტურია. |
||
| 264 |
_aთბილისი : _bმერიდიანი, _c2017. |
||
| 300 |
_a810 გვ. ; _c25 სმ. |
||
| 504 | _aბიბლ. გვ. : 785-810 | ||
| 541 | _h25 ლ. | ||
| 653 | _aსამართალი | ||
| 653 | _aსამოქალაქო კოდექსის ზოგადი დებულებები | ||
| 653 | _aსაქართველოს სამოქალაქო კოდექსის კომენტარი 2002 | ||
| 700 |
_aბურდული, ი. _eავტორი _912541 |
||
| 700 |
_aგაწერელია, ა. _eავტორი _93709 |
||
| 700 |
_aდარჯანია, თ. _eავტორი _912542 |
||
| 700 |
_aჭანტურია, ლადო _eრედაქტორი _912543 |
||
| 942 |
_cBK _2udc |
||